[Event "Heart of Finland op 24th"]
[Site "Jyvaskyla"]
[Date "2014.07.12"]
[Round "8"]
[White "Filippov, Sergey B"]
[Black "Torkkola, Henri"]
[Result "0-1"]
[WhiteElo "2044"]
[BlackElo "2131"]
[PlyCount "74"]
[EventDate "2014.07.07"]
[EventType "swiss"]
[EventRounds "9"]
[EventCountry "FIN"]
[SourceTitle "EXT 2019"]
[Source "ChessBase"]
[SourceDate "2018.10.10"]
[SourceVersion "1"]
[SourceVersionDate "2018.10.10"]
[SourceQuality "1"]

1. c4 c6 2. e4 e5 3. d4 d6 4. f4 Qc7 5. Nf3 Bg4 6. Be2 Nd7 7. Nc3 Bxf3 8. Bxf3 exd4 9. Qxd4 Nc5 10. Be3 Nf6 11. Qd2 Be7 12. 0-0 a5 13. Bxc5 dxc5 14. e5 Nd7 15. Qe2 0-0-0 16. Bg4 Kb8 17. Kh1 g5 18. Bxd7 Rxd7 19. f5 Re8 20. Rae1 Rd4 21. f6 Bd8 22. Rf3 Qd7 23. b3 Bc7 24. Re3 Qe6 25. Qh5 h6 26. Qe2 Red8 27. Qf3 g4 28. Qg3 Qf5 29. Kg1 Rf4 30. Ne2 Re4 31. Rxe4 Qxe4 32. Nf4 Qd4+ 33. Qf2 Bxe5 34. Nh5 Bxh2+ 35. Kf1 Bd6 36. Qe2 g3 37. Qe3 Qh4 0-1

[Event "Heart of Finland op 24th"]
[Site "Jyvaskyla"]
[Date "2014.07.09"]
[Round "4"]
[White "Filippov, Sergey B"]
[Black "Nivala, Tuomas"]
[Result "0-1"]
[WhiteElo "2044"]
[BlackElo "2199"]
[PlyCount "54"]
[EventDate "2014.07.07"]
[EventType "swiss"]
[EventRounds "9"]
[EventCountry "FIN"]
[SourceTitle "CBM 161 Extra"]
[Source "ChessBase"]
[SourceDate "2014.08.29"]
[SourceVersion "1"]
[SourceVersionDate "2014.08.29"]
[SourceQuality "1"]

1. c4 e5 2. Nc3 Nc6 3. g3 f5 4. Bg2 Nf6 5. d3 Bb4 6. Bd2 0-0 7. a3 Bxc3 8. Bxc3 d6 9. Nf3 Qe8 10. 0-0 Kh8 11. Qd2 Rb8 12. b4 Qh5 13. b5 Nd8 14. Qg5 Qf7 15. Qd2 Ne6 16. Rab1 Qh5 17. a4 f4 18. Ne1 Ng5 19. h4 Nh3+ 20. Kh1 Nxf2+ 21. Rxf2 fxg3 22. Rf3 Qxh4+ 23. Kg1 Qh2+ 24. Kf1 Bh3 25. e4 Qh1+ 26. Ke2 Bxg2 27. Rxg3 Qh5+ 0-1

[Event "Heart of Finland op 22nd"]
[Site "Jyvaskyla"]
[Date "2012.07.12"]
[Round "6"]
[White "Filippov, Sergey B"]
[Black "Chernyak, Viktoria"]
[Result "1-0"]
[WhiteElo "2062"]
[BlackElo "1887"]
[PlyCount "51"]
[EventDate "2012.07.09"]
[EventType "swiss"]
[EventRounds "9"]
[EventCountry "FIN"]
[SourceTitle "EXT 2022"]
[Source "ChessBase"]
[SourceDate "2021.10.06"]
[SourceVersion "1"]
[SourceVersionDate "2021.10.06"]
[SourceQuality "1"]

1. e4 c6 2. d4 d5 3. e5 Bf5 4. Nf3 e6 5. Be2 Nd7 6. 0-0 Be7 7. b3 h5 8. Nbd2 Nh6 9. Re1 h4 10. Nf1 h3 11. Ng3 hxg2 12. Bxh6 Rxh6 13. Nxf5 exf5 14. Bd3 g6 15. e6 Nf6 16. exf7+ Kf8 17. Re6 Qc7 18. Qd2 Kg7 19. Rae1 Ne4 20. Bxe4 dxe4 21. Ne5 Rah8 22. Qf4 Rxh2 23. Rxg6+ Kf8 24. Rg8+ Rxg8 25. fxg8Q+ Kxg8 26. Qg3+ 1-0

[Event "Heart of Finland op 22nd"]
[Site "Jyvaskyla"]
[Date "2012.07.10"]
[Round "2"]
[White "Demidov, Jan"]
[Black "Filippov, Sergey B"]
[Result "1/2-1/2"]
[WhiteElo "1851"]
[BlackElo "2062"]
[PlyCount "146"]
[EventDate "2012.07.09"]
[EventType "swiss"]
[EventRounds "9"]
[EventCountry "FIN"]
[SourceTitle "EXT 2022"]
[Source "ChessBase"]
[SourceDate "2021.10.06"]
[SourceVersion "1"]
[SourceVersionDate "2021.10.06"]
[SourceQuality "1"]

1. e4 c6 2. Nc3 d5 3. Nf3 d4 4. Ne2 c5 5. d3 Nc6 6. Ng3 e5 7. Be2 Bd6 8. 0-0 Nge7 9. Nh4 0-0 10. Bg4 Ng6 11. Bxc8 Rxc8 12. Nhf5 Nce7 13. Qg4 Kh8 14. Nh5 Rg8 15. Bg5 Qd7 16. Nh6 Qe8 17. Qd7 Rf8 18. Qxd6 Rc6 19. Nf6 Qc8 20. Qd7 gxf6 21. Qxc8 Rfxc8 22. Bd2 Kg7 23. Nf5+ Nxf5 24. exf5 Ne7 25. g4 Nd5 26. a3 b5 27. a4 a6 28. axb5 axb5 29. Ra5 Nc7 30. h4 c4 31. f4 Ra6 32. fxe5 fxe5 33. Rxa6 Nxa6 34. f6+ Kf8 35. Rf5 Rc5 36. Rh5 Kg8 37. Bh6 e4 38. dxe4 Rxh5 39. gxh5 c3 40. bxc3 dxc3 41. Kf2 Nb4 42. Ke2 Nxc2 43. Kd3 Na3 44. Kxc3 Nc4 45. Kb4 Nd6 46. e5 Nc4 47. Bf4 Nb2 48. Kxb5 Nd3 49. Bg3 Kf8 50. Kc4 Nc1 51. Kd5 Ne2 52. Bh2 Nc3+ 53. Kc4 Ne4 54. Bf4 Nf2 55. Kd5 Nd3 56. Bh6+ Ke8 57. Kd6 Nf2 58. e6 Ng4 59. Bg7 Ne3 60. e7 Ng2 61. Ke5 Nxh4 62. Kf4 Ng2+ 63. Kg5 Kd7 64. Bh6 Ne1 65. Kg4 Nd3 66. Be3 Nb4 67. Kg5 Nd5 68. Bf4 Ke8 69. Be5 Ne3 70. Kh6 Ng4+ 71. Kxh7 Nxe5 72. Kg7 Ng4 73. h6 Ne3 1/2-1/2

[Event "Heart of Finland op 22nd"]
[Site "Jyvaskyla"]
[Date "2012.07.09"]
[Round "1"]
[White "Filippov, Sergey B"]
[Black "Granat, Simo"]
[Result "1/2-1/2"]
[WhiteElo "2062"]
[BlackElo "1959"]
[PlyCount "90"]
[EventDate "2012.07.09"]
[EventType "swiss"]
[EventRounds "9"]
[EventCountry "FIN"]
[SourceTitle "EXT 2022"]
[Source "ChessBase"]
[SourceDate "2021.10.06"]
[SourceVersion "1"]
[SourceVersionDate "2021.10.06"]
[SourceQuality "1"]

1. e4 c5 2. Nf3 e6 3. d4 cxd4 4. Nxd4 a6 5. Nc3 Qc7 6. g3 b5 7. Bg2 Bb7 8. 0-0 Nf6 9. a3 b4 10. axb4 Bxb4 11. Qd3 0-0 12. Bd2 Nc6 13. Nxc6 Qxc6 14. Rfe1 Ng4 15. Qe2 f5 16. h3 Nf6 17. Nd5 Bc5 18. Nxf6+ Rxf6 19. Be3 fxe4 20. c3 Raf8 21. Rf1 d5 22. b4 Bxe3 23. Qxe3 e5 24. Ra5 Qd6 25. Rc5 d4 26. Qd2 Bc8 27. Qe1 Bf5 28. Bxe4 Bxh3 29. Bg2 Bxg2 30. Kxg2 Rf5 31. Qe4 Qf6 32. f3 Qh6 33. Rxe5 Rxe5 34. Qxe5 Qd2+ 35. Rf2 Qxc3 36. Qe6+ Kh8 37. Qd6 Re8 38. f4 Qd3 39. f5 Qe4+ 40. Kh2 Qe3 41. Kg2 Qe4+ 42. Kh2 d3 43. f6 gxf6 44. Qxf6+ Kg8 45. Qf7+ Kh8 1/2-1/2

[Event "Peterhof op 08"]
[Site "Peterhof"]
[Date "2009.08.11"]
[Round "9"]
[White "Filippov, Sergey B"]
[Black "Petrov, Nikita"]
[Result "1-0"]
[WhiteElo "2087"]
[BlackElo "2063"]
[PlyCount "77"]
[EventDate "2009.08.03"]
[EventType "swiss"]
[EventRounds "9"]
[EventCountry "RUS"]
[SourceTitle "EXT 2010"]
[Source "ChessBase"]
[SourceDate "2010.11.25"]
[SourceVersion "1"]
[SourceVersionDate "2010.11.25"]
[SourceQuality "1"]

1. e4 c5 2. d3 g6 3. g3 Bg7 4. Bg2 Nc6 5. Ne2 e5 6. 0-0 d6 7. Nbc3 Nge7 8. Be3 0-0 9. Qd2 Nd4 10. Nd1 f5 11. c3 Nxe2+ 12. Qxe2 f4 13. Bd2 Bh6 14. d4 Be6 15. d5 Bd7 16. f3 Kh8 17. c4 Ng8 18. g4 Bg5 19. Nf2 Nf6 20. b4 b6 21. bxc5 bxc5 22. Rfb1 h5 23. h3 hxg4 24. hxg4 Bh4 25. Rb7 Bc8 26. Rb3 Nh7 27. Bc3 Ng5 28. Rab1 Rf7 29. Nh3 Nxh3+ 30. Bxh3 Bg3 31. Kg2 Rh7 32. Rh1 a5 33. Qb2 Ba6 34. Rb6 Bxc4 35. Bxe5+ dxe5 36. Qxe5+ Rg7 37. g5 Qg8 38. Be6+ Qh7 39. Rb8+ 1-0

[Event "Peterhof op 08"]
[Site "Peterhof"]
[Date "2009.08.05"]
[Round "3"]
[White "Losev, Sergey"]
[Black "Filippov, Sergey B"]
[Result "0-1"]
[WhiteElo "1972"]
[BlackElo "2087"]
[PlyCount "95"]
[EventDate "2009.08.03"]
[EventType "swiss"]
[EventRounds "9"]
[EventCountry "RUS"]
[SourceTitle "EXT 2010"]
[Source "ChessBase"]
[SourceDate "2010.11.25"]
[SourceVersion "1"]
[SourceVersionDate "2010.11.25"]
[SourceQuality "1"]

1. d4 Nf6 2. Nf3 d5 3. g3 c6 4. Bg2 Bf5 5. 0-0 e6 6. Nh4 Nbd7 7. Re1 Be7 8. Nd2 Ne4 9. Nxf5 exf5 10. f3 Nxd2 11. Bxd2 Nf6 12. e3 0-0 13. b3 Rc8 14. c4 Re8 15. a4 Bd6 16. cxd5 cxd5 17. b4 h5 18. Re2 Rc7 19. Rc1 Rce7 20. Qb3 f4 21. Bh3 fxg3 22. hxg3 Bxg3 23. b5 Rc7 24. Rb1 Rc4 25. Bf1 h4 26. Rg2 Rc7 27. Bd3 b6 28. a5 Qd6 29. Bb4 Qe6 30. axb6 axb6 31. Bd2 Qh3 32. Ra1 Bd6 33. Rf1 Ra7 34. Qb1 Qd7 35. e4 dxe4 36. fxe4 Bg3 37. d5 Qd6 38. Rf3 Qe5 39. Rf1 Nxe4 40. Bxe4 Qxe4 41. Qb3 Rd8 42. Qc3 Qxd5 43. Be3 Ra2 44. Bf2 Qd2 45. Qf3 Bxf2+ 46. Rfxf2 Qd1+ 47. Rf1 Qxf3 48. Rxf3 0-1